Les 20 Jeux D'horreur Les Plus Effrayants - Statistiques

Statistiques générales
  • Ce quiz a été pris 180 fois
  • Le résultat moyen est 4 sur 20
Statistiques - réponses
Classement Date De Sortie Jeux % Correct
N°3 1996 Resident Evil
90%
N°13 2013 Outlast
66%
N°20 1999 Silent Hill
57%
N°12 2013 The Last Of Us
33%
N°14 2014 Alien : Isolation
22%
N°2 2008 Dead Space
20%
N°11 2014 The Evil Within
19%
N°1 2001 Silent Hill 2
18%
N°19 2010 Alan Wake
10%
N°16 2007 Bioshock
9%
N°17 2005 F.E.A.R
6%
N°18 2015 Dying Light
5%
N°10 2004 Doom 3
4%
N°9 2008 Left 4 Dead
4%
N°15 2017 Resident Evil 7 : Biohazard
3%
N°8 1999 System Shock 2
3%
N°7 2005 Condemned : Criminal Origins
2%
N°4 2002 Eternal Darkness : Sanity's Requiem
1%
N°4 2003 Project Zéro II : Crimson Butterfly
1%
N°6 2008 Siren : Blood Curse
1%
Aucun quiz correspondant
Distribution des résultats
% des personnes avec chaque résultat
Percentile par nombre de réponses
Votre historique - résultats
Vous n’avez pas pris ce quiz